[Event "Blitz 2018"]
[Site "Saint-Petersburg"]
[Date "2018.12.29"]
[Round "9"]
[Board "37"]
[White "Kevlishvili Robby (NED)"]
[Black "Postny Evgeny (ISR)"]
[Result "1-0"]
[LiveChessVersion "1.4.8"]
[BlackElo "2657"]
[WhiteElo "2530"]

1. e4 {[%clk 0:03:02]} e5 {[%clk 0:03:03]} 2. Nf3 {[%clk 0:03:03]} Nc6
{[%clk 0:03:04]} 3. Bb5 {[%clk 0:03:03]} a6 {[%clk 0:03:05]} 4. Ba4
{[%clk 0:03:04]} Nf6 {[%clk 0:03:06]} 5. O-O {[%clk 0:03:04]} Be7
{[%clk 0:03:07]} 6. Re1 {[%clk 0:03:04]} b5 {[%clk 0:03:08]} 7. Bb3
{[%clk 0:03:05]} d6 {[%clk 0:03:09]} 8. c3 {[%clk 0:03:06]} O-O {[%clk 0:03:09]}
9. d4 {[%clk 0:03:06]} Bg4 {[%clk 0:03:09]} 10. Be3 {[%clk 0:03:07]} exd4
{[%clk 0:03:00]} 11. cxd4 {[%clk 0:03:08]} d5 {[%clk 0:03:01]} 12. e5
{[%clk 0:03:02]} Ne4 {[%clk 0:03:02]} 13. h3 {[%clk 0:02:53]} Bh5
{[%clk 0:03:02]} 14. Nbd2 {[%clk 0:02:43]} a5 {[%clk 0:02:46]} 15. Qb1
{[%clk 0:02:10]} Nxd2 {[%clk 0:02:38]} 16. Nxd2 {[%clk 0:02:09]} Bg6
{[%clk 0:02:21]} 17. Bc2 {[%clk 0:02:09]} Qd7 {[%clk 0:02:00]} 18. f4
{[%clk 0:02:03]} Bxc2 {[%clk 0:01:56]} 19. Qxc2 {[%clk 0:02:04]} Nb4
{[%clk 0:01:48]} 20. Qc3 {[%clk 0:01:57]} Ra6 {[%clk 0:01:40]} 21. Nb3
{[%clk 0:01:43]} Rc6 {[%clk 0:01:00]} 22. Nc5 {[%clk 0:01:39]} Bxc5
{[%clk 0:01:01]} 23. dxc5 {[%clk 0:01:40]} d4 {[%clk 0:00:51]} 24. Bxd4
{[%clk 0:01:36]} Qd5 {[%clk 0:00:40]} 25. a3 {[%clk 0:01:05]} Rg6
{[%clk 0:00:41]} 26. Re2 {[%clk 0:01:06]} Nc6 {[%clk 0:00:40]} 27. Be3
{[%clk 0:01:07]} b4 {[%clk 0:00:31]} 28. axb4 {[%clk 0:01:04]} axb4
{[%clk 0:00:32]} 29. Qd2 {[%clk 0:01:01]} Qb3 {[%clk 0:00:29]} 30. Kh2
{[%clk 0:00:59]} Rd8 {[%clk 0:00:27]} 31. Qc2 {[%clk 0:00:59]} Qe6
{[%clk 0:00:20]} 32. Bg1 {[%clk 0:00:49]} h5 {[%clk 0:00:17]} 33. f5
{[%clk 0:00:48]} Rxg2+ {[%clk 0:00:13]} 34. Kxg2 {[%clk 0:00:45]} Qd5+
{[%clk 0:00:14]} 35. Qe4 {[%clk 0:00:38]} 1-0

[Event "Blitz 2018"]
[Site "Saint-Petersburg"]
[Date "2018.12.29"]
[Round "9"]
[Board "38"]
[White "Van Foreest Jorden (NED)"]
[Black "Tsoi Dmitry (RUS)"]
[Result "0-1"]
[LiveChessVersion "1.4.8"]
[BlackElo "2387"]
[WhiteElo "2657"]

1. e4 {[%clk 0:03:02]} e5 {[%clk 0:03:04]} 2. Nf3 {[%clk 0:03:02]} d6
{[%clk 0:03:05]} 3. d4 {[%clk 0:03:03]} exd4 {[%clk 0:03:06]} 4. Nxd4
{[%clk 0:03:03]} Nf6 {[%clk 0:03:07]} 5. Nc3 {[%clk 0:03:04]} Be7
{[%clk 0:03:08]} 6. Be2 {[%clk 0:02:59]} O-O {[%clk 0:03:08]} 7. Bf4
{[%clk 0:02:59]} Re8 {[%clk 0:02:54]} 8. Qd2 {[%clk 0:03:00]} c6 {[%clk 0:02:36]}
9. O-O-O {[%clk 0:02:51]} b5 {[%clk 0:02:37]} 10. f3 {[%clk 0:02:47]} b4
{[%clk 0:02:37]} 11. Na4 {[%clk 0:02:48]} Bd7 {[%clk 0:02:34]} 12. b3
{[%clk 0:02:19]} d5 {[%clk 0:02:35]} 13. e5 {[%clk 0:01:57]} Nh5 {[%clk 0:02:36]}
14. Kb1 {[%clk 0:01:18]} c5 {[%clk 0:01:35]} 15. Nb5 {[%clk 0:01:19]} Nxf4
{[%clk 0:01:16]} 16. Qxf4 {[%clk 0:01:19]} a6 {[%clk 0:01:17]} 17. e6
{[%clk 0:00:29]} Bxe6 {[%clk 0:00:58]} 18. Nc7 {[%clk 0:00:30]} Bd6
{[%clk 0:00:35]} 19. Nxe6 {[%clk 0:00:28]} fxe6 {[%clk 0:00:36]} 20. Qg4
{[%clk 0:00:27]} Nd7 {[%clk 0:00:36]} 21. f4 {[%clk 0:00:23]} Nf6
{[%clk 0:00:36]} 22. Qf3 {[%clk 0:00:24]} Ne4 {[%clk 0:00:22]} 23. Bd3
{[%clk 0:00:25]} Nc3+ {[%clk 0:00:22]} 24. Nxc3 {[%clk 0:00:26]} bxc3
{[%clk 0:00:23]} 25. Qh5 {[%clk 0:00:27]} h6 {[%clk 0:00:08]} 26. Rhe1
{[%clk 0:00:16]} Qa5 {[%clk 0:00:06]} 27. a4 {[%clk 0:00:07]} Qb4
{[%clk 0:00:06]} 28. Qg6 {[%clk 0:00:04]} Qa3 {[%clk 0:00:07]} 29. Qh7+
{[%clk 0:00:05]} Kf8 {[%clk 0:00:08]} 30. Qh8+ {[%clk 0:00:03]} Kf7
{[%clk 0:00:09]} 0-1

[Event "Blitz 2018"]
[Site "Saint-Petersburg"]
[Date "2018.12.29"]
[Round "9"]
[Board "39"]
[White "Bazeev German (RUS)"]
[Black "Amonatov Farrukh (TJK)"]
[Result "1-0"]
[LiveChessVersion "1.4.8"]
[BlackElo "2656"]
[WhiteElo "2422"]

1. d4 {[%clk 0:03:02]} Nf6 {[%clk 0:03:04]} 2. Nf3 {[%clk 0:03:04]} g6 3. c4 Bg7
{[%clk 0:03:06]} 4. Nc3 {[%clk 0:03:07]} O-O {[%clk 0:03:06]} 5. Bg5
{[%clk 0:03:08]} d6 6. e3 h6 7. Bh4 g5 {[%clk 0:03:03]} 8. Bg3 {[%clk 0:03:13]}
Nh5 {[%clk 0:03:04]} 9. Nd2 {[%clk 0:03:11]} Nxg3 {[%clk 0:03:04]} 10. hxg3
{[%clk 0:03:12]} c5 {[%clk 0:03:06]} 11. d5 {[%clk 0:03:13]} e6 {[%clk 0:03:06]}
12. Qc2 {[%clk 0:03:00]} exd5 {[%clk 0:02:58]} 13. Nxd5 {[%clk 0:02:58]} Nc6
{[%clk 0:02:59]} 14. Bd3 {[%clk 0:02:53]} f5 {[%clk 0:02:54]} 15. f4
{[%clk 0:02:42]} Be6 {[%clk 0:02:55]} 16. a3 Ne7 {[%clk 0:02:51]} 17. fxg5
{[%clk 0:02:33]} hxg5 {[%clk 0:02:53]} 18. g4 {[%clk 0:02:29]} b5
{[%clk 0:02:15]} 19. Nxe7+ {[%clk 0:02:15]} Qxe7 {[%clk 0:02:15]} 20. gxf5
{[%clk 0:02:14]} Bf7 {[%clk 0:01:48]} 21. O-O-O {[%clk 0:01:53]} bxc4
{[%clk 0:01:36]} 22. Nxc4 d5 23. f6 {[%clk 0:01:54]} Bxf6 {[%clk 0:01:34]} 24.
Rh7 {[%clk 0:01:26]} dxc4 {[%clk 0:01:04]} 25. Bxc4 {[%clk 0:01:27]} Qxe3+
{[%clk 0:01:04]} 26. Kb1 {[%clk 0:01:28]} Qe5 {[%clk 0:01:00]} 27. Qg6+
{[%clk 0:01:29]} Bg7 {[%clk 0:01:01]} 28. Rh8+ {[%clk 0:01:26]} 1-0

[Event "Blitz 2018"]
[Site "Saint-Petersburg"]
[Date "2018.12.29"]
[Round "9"]
[Board "40"]
[White "Bosiocic Marin (CRO)"]
[Black "Predke Alexandr (RUS)"]
[Result "0-1"]
[LiveChessVersion "1.4.8"]
[BlackElo "2482"]
[WhiteElo "2653"]

1. e4 {[%clk 0:03:03]} e5 {[%clk 0:03:02]} 2. Nf3 {[%clk 0:03:04]} Nc6
{[%clk 0:03:03]} 3. Bc4 {[%clk 0:03:05]} Bc5 {[%clk 0:03:04]} 4. c3
{[%clk 0:03:06]} Nf6 {[%clk 0:03:04]} 5. d4 {[%clk 0:03:08]} exd4 6. e5 d5
{[%clk 0:03:06]} 7. Bb5 {[%clk 0:03:11]} Ne4 {[%clk 0:03:06]} 8. cxd4
{[%clk 0:03:12]} Bb6 {[%clk 0:03:06]} 9. Nc3 {[%clk 0:03:13]} Bg4
{[%clk 0:02:50]} 10. Be3 {[%clk 0:03:14]} O-O {[%clk 0:02:45]} 11. h3
{[%clk 0:03:16]} Bh5 {[%clk 0:02:45]} 12. Qc2 {[%clk 0:03:17]} Bg6
{[%clk 0:02:40]} 13. Qb3 {[%clk 0:03:18]} Nxc3 {[%clk 0:02:35]} 14. bxc3
{[%clk 0:03:18]} Na5 {[%clk 0:02:26]} 15. Qd1 {[%clk 0:03:09]} c6
{[%clk 0:02:20]} 16. Be2 {[%clk 0:03:04]} Nc4 {[%clk 0:02:21]} 17. Bxc4
{[%clk 0:03:01]} dxc4 {[%clk 0:02:22]} 18. O-O {[%clk 0:03:01]} Qd5
{[%clk 0:02:21]} 19. a4 {[%clk 0:02:51]} Ba5 {[%clk 0:02:14]} 20. Qc1
{[%clk 0:02:46]} Be4 {[%clk 0:02:13]} 21. Ne1 {[%clk 0:02:44]} f6
{[%clk 0:02:14]} 22. f3 {[%clk 0:02:44]} Bg6 {[%clk 0:02:14]} 23. Bf4
{[%clk 0:02:32]} Rae8 {[%clk 0:02:10]} 24. exf6 {[%clk 0:02:20]} Rxf6
{[%clk 0:02:07]} 25. Be5 {[%clk 0:02:19]} Rxe5 {[%clk 0:02:04]} 26. dxe5
{[%clk 0:02:20]} Qxe5 {[%clk 0:02:05]} 27. Ra3 {[%clk 0:01:52]} Bb6+
{[%clk 0:02:02]} 28. Kh1 {[%clk 0:01:49]} Qe2 {[%clk 0:02:02]} 29. Rg1
{[%clk 0:01:40]} Be3 {[%clk 0:01:59]} 30. Qa1 {[%clk 0:01:37]} Bxg1
{[%clk 0:01:58]} 31. Kxg1 {[%clk 0:01:37]} Re6 {[%clk 0:02:00]} 0-1

[Event "Blitz 2018"]
[Site "Saint-Petersburg"]
[Date "2018.12.29"]
[Round "9"]
[Board "41"]
[White "Vokhidov Shamsiddin (UZB)"]
[Black "Tari Aryan (NOR)"]
[Result "0-1"]
[LiveChessVersion "1.4.8"]
[BlackElo "2608"]
[WhiteElo "2414"]

1. e4 {[%clk 0:03:03]} c6 {[%clk 0:03:04]} 2. d4 {[%clk 0:03:05]} d5
{[%clk 0:03:05]} 3. Nc3 {[%clk 0:03:05]} dxe4 {[%clk 0:03:06]} 4. Nxe4
{[%clk 0:03:06]} Bf5 {[%clk 0:03:07]} 5. Ng3 {[%clk 0:03:07]} Bg6
{[%clk 0:03:08]} 6. h4 {[%clk 0:03:08]} h6 {[%clk 0:03:09]} 7. Nf3
{[%clk 0:03:09]} e6 {[%clk 0:03:10]} 8. Ne5 {[%clk 0:03:10]} Bh7 {[%clk 0:03:11]}
9. Bd3 {[%clk 0:03:11]} Bxd3 {[%clk 0:03:12]} 10. Qxd3 {[%clk 0:03:12]} Nd7
{[%clk 0:02:58]} 11. Bf4 {[%clk 0:03:12]} Ngf6 {[%clk 0:02:48]} 12. O-O-O
{[%clk 0:03:09]} Qa5 {[%clk 0:02:31]} 13. Kb1 {[%clk 0:03:05]} Be7
{[%clk 0:02:31]} 14. Rhe1 {[%clk 0:02:50]} Rd8 {[%clk 0:02:32]} 15. Nc4
{[%clk 0:02:44]} Qd5 {[%clk 0:02:28]} 16. Ne3 {[%clk 0:02:32]} Qb5
{[%clk 0:02:19]} 17. c4 {[%clk 0:02:32]} Qa5 {[%clk 0:02:12]} 18. Nef5
{[%clk 0:02:23]} Bf8 {[%clk 0:01:29]} 19. Qf3 {[%clk 0:02:14]} Nb6
{[%clk 0:01:18]} 20. Bd2 {[%clk 0:01:39]} Qa6 {[%clk 0:01:14]} 21. b3
{[%clk 0:01:36]} Nc8 {[%clk 0:00:58]} 22. Bc3 {[%clk 0:01:37]} Ne7
{[%clk 0:00:55]} 23. Ne3 {[%clk 0:01:24]} b5 {[%clk 0:00:56]} 24. d5
{[%clk 0:01:23]} bxc4 {[%clk 0:00:45]} 25. Bxf6 {[%clk 0:01:10]} gxf6
{[%clk 0:00:36]} 26. dxe6 {[%clk 0:01:08]} Rxd1+ {[%clk 0:00:26]} 27. Rxd1
{[%clk 0:01:09]} cxb3 {[%clk 0:00:21]} 28. axb3 {[%clk 0:01:07]} Qb5
{[%clk 0:00:22]} 29. Nc4 {[%clk 0:00:59]} Nd5 {[%clk 0:00:20]} 30. Nf5
{[%clk 0:00:55]} Qb4 {[%clk 0:00:18]} 31. exf7+ {[%clk 0:00:52]} Kd7
{[%clk 0:00:12]} 32. Qd3 {[%clk 0:00:40]} Kc7 {[%clk 0:00:09]} 33. Kb2
{[%clk 0:00:37]} Bc5 {[%clk 0:00:07]} 34. Nfe3 {[%clk 0:00:33]} Rd8
{[%clk 0:00:06]} 35. Nxd5+ Rxd5 36. Qg3+ Kb7 37. Rxd5 {[%clk 0:00:30]} cxd5
{[%clk 0:00:11]} 38. Qf3 {[%clk 0:00:31]} Kc6 {[%clk 0:00:08]} 39. Qxf6+ Kb5 40.
Qe6 {[%clk 0:00:05]} dxc4 {[%clk 0:00:09]} 41. Qd7+ {[%clk 0:00:06]} Kb6
{[%clk 0:00:09]} 42. Qd8+ {[%clk 0:00:05]} Kc6 {[%clk 0:00:08]} 43. Qc8+
{[%clk 0:00:06]} Kd5 {[%clk 0:00:05]} 44. Qd7+ {[%clk 0:00:06]} Ke5
{[%clk 0:00:05]} 45. Qc7+ {[%clk 0:00:05]} Kf6 {[%clk 0:00:05]} 46. Qf4+
{[%clk 0:00:04]} Ke6 {[%clk 0:00:05]} 47. Qe4+ {[%clk 0:00:03]} Kxf7 48. Qf5+
{[%clk 0:00:04]} Ke7 {[%clk 0:00:07]} 49. Qe5+ {[%clk 0:00:05]} Kd7
{[%clk 0:00:09]} 50. Qg7+ {[%clk 0:00:05]} Kc8 {[%clk 0:00:09]} 51. Qg8+ Kb7 52.
Qd5+ {[%clk 0:00:05]} Kb6 {[%clk 0:00:11]} 53. Qd8+ {[%clk 0:00:06]} Kb7
{[%clk 0:00:11]} 54. Qd7+ {[%clk 0:00:07]} Kb6 {[%clk 0:00:12]} 55. Qd8+ Kc6 56.
Qc8+ {[%clk 0:00:09]} Kd5 {[%clk 0:00:14]} 57. Qf5+ Kd4 {[%clk 0:00:12]} 58. Qf4+
{[%clk 0:00:09]} Kd3 {[%clk 0:00:12]} 59. Qf5+ {[%clk 0:00:08]} Ke2
{[%clk 0:00:12]} 60. Qe4+ {[%clk 0:00:06]} Kf1 {[%clk 0:00:13]} 61. Qb1+
{[%clk 0:00:04]} Kxf2 {[%clk 0:00:13]} 62. Qc2+ {[%clk 0:00:04]} Ke3
{[%clk 0:00:14]} 0-1

[Event "Blitz 2018"]
[Site "Saint-Petersburg"]
[Date "2018.12.29"]
[Round "9"]
[Board "42"]
[White "Yakubboev Nodirbek (UZB)"]
[Black "Antipov Mikhail Al. (RUS)"]
[Result "1-0"]
[LiveChessVersion "1.4.8"]
[BlackElo "2604"]
[WhiteElo "2388"]

1. e4 {[%clk 0:03:02]} e6 {[%clk 0:03:00]} 2. Qe2 {[%clk 0:02:52]} Nc6
{[%clk 0:02:48]} 3. Nf3 {[%clk 0:02:14]} e5 {[%clk 0:02:49]} 4. c3
{[%clk 0:01:54]} d6 {[%clk 0:02:39]} 5. d4 {[%clk 0:01:47]} g6 {[%clk 0:02:37]}
6. Bg5 {[%clk 0:01:30]} Be7 {[%clk 0:02:05]} 7. Be3 {[%clk 0:01:14]} Bf6
{[%clk 0:02:04]} 8. h3 {[%clk 0:01:07]} Bg7 {[%clk 0:02:01]} 9. Qc2
{[%clk 0:00:57]} Nf6 {[%clk 0:01:44]} 10. Nbd2 {[%clk 0:00:57]} O-O
{[%clk 0:01:44]} 11. Bb5 {[%clk 0:00:49]} Bd7 {[%clk 0:01:05]} 12. Bxc6
{[%clk 0:00:35]} exd4 {[%clk 0:01:05]} 13. cxd4 {[%clk 0:00:24]} Bxc6
{[%clk 0:00:59]} 14. O-O {[%clk 0:00:24]} Re8 {[%clk 0:00:46]} 15. d5
{[%clk 0:00:24]} Bb5 {[%clk 0:00:39]} 16. Rfe1 {[%clk 0:00:25]} c5
{[%clk 0:00:33]} 17. dxc6 {[%clk 0:00:25]} Bxc6 {[%clk 0:00:33]} 18. Bd4
{[%clk 0:00:19]} Rc8 {[%clk 0:00:25]} 19. Qd3 {[%clk 0:00:20]} Qa5
{[%clk 0:00:17]} 20. Bc3 {[%clk 0:00:12]} Qc7 {[%clk 0:00:07]} 21. Rac1
{[%clk 0:00:10]} Rcd8 {[%clk 0:00:07]} 22. Nd4 {[%clk 0:00:10]} Qd7
{[%clk 0:00:05]} 23. Qf3 {[%clk 0:00:09]} a6 {[%clk 0:00:04]} 24. Nxc6
{[%clk 0:00:09]} 1-0

[Event "Blitz 2018"]
[Site "Saint-Petersburg"]
[Date "2018.12.29"]
[Round "9"]
[Board "43"]
[White "Belozerov Andrei (RUS)"]
[Black "Yu Yangyi (CHN)"]
[Result "1/2-1/2"]
[LiveChessVersion "1.4.8"]
[BlackElo "2804"]
[WhiteElo "2518"]

1. e4 {[%clk 0:03:02]} e5 {[%clk 0:02:59]} 2. Nf3 {[%clk 0:03:03]} Nf6
{[%clk 0:03:00]} 3. Nc3 {[%clk 0:02:58]} Nc6 {[%clk 0:03:01]} 4. Bc4
{[%clk 0:02:59]} Bc5 {[%clk 0:02:53]} 5. d3 {[%clk 0:03:00]} d6 {[%clk 0:02:51]}
6. Bg5 {[%clk 0:03:01]} h6 {[%clk 0:02:51]} 7. Bxf6 {[%clk 0:03:02]} Qxf6
{[%clk 0:02:53]} 8. Nd5 Qd8 9. c3 {[%clk 0:03:04]} O-O {[%clk 0:02:47]} 10. b4
{[%clk 0:03:02]} Bb6 {[%clk 0:02:47]} 11. a4 {[%clk 0:03:04]} a5 {[%clk 0:02:47]}
12. Nxb6 {[%clk 0:02:58]} cxb6 {[%clk 0:02:48]} 13. b5 {[%clk 0:02:47]} Ne7
{[%clk 0:02:50]} 14. Qb3 {[%clk 0:02:28]} Ng6 {[%clk 0:02:45]} 15. Nd2
{[%clk 0:02:01]} Qg5 {[%clk 0:02:37]} 16. g3 {[%clk 0:01:58]} Bh3
{[%clk 0:02:38]} 17. O-O-O Rac8 18. Kc2 {[%clk 0:01:30]} Rc7 {[%clk 0:02:40]} 19.
Nf1 {[%clk 0:01:26]} Qf6 {[%clk 0:02:33]} 20. Rd2 {[%clk 0:01:25]} Qf3
{[%clk 0:02:24]} 21. Rg1 {[%clk 0:01:26]} Bxf1 {[%clk 0:02:20]} 22. Rxf1
{[%clk 0:01:27]} Rfc8 {[%clk 0:02:17]} 23. Re1 {[%clk 0:01:20]} Nf8
{[%clk 0:02:14]} 24. Re3 {[%clk 0:01:19]} Qf6 {[%clk 0:02:15]} 25. Bd5
{[%clk 0:01:13]} Ne6 {[%clk 0:02:09]} 26. Bxe6 {[%clk 0:01:02]} Qxe6
{[%clk 0:01:50]} 27. c4 {[%clk 0:00:50]} d5 {[%clk 0:01:50]} 28. exd5
{[%clk 0:00:50]} Qxd5 {[%clk 0:01:51]} 29. Qc3 {[%clk 0:00:45]} f6
{[%clk 0:01:46]} 30. Kb2 {[%clk 0:00:37]} Qd6 {[%clk 0:01:47]} 31. Rde2
{[%clk 0:00:32]} Rd8 {[%clk 0:01:37]} 32. Kc2 {[%clk 0:00:31]} Rcd7
{[%clk 0:01:38]} 33. Rd2 {[%clk 0:00:28]} Qc5 {[%clk 0:01:35]} 34. Re4
{[%clk 0:00:25]} Rd4 {[%clk 0:01:30]} 35. Rxd4 {[%clk 0:00:24]} Rxd4
{[%clk 0:01:32]} 36. Re2 {[%clk 0:00:21]} g5 {[%clk 0:01:29]} 37. f3
{[%clk 0:00:22]} h5 {[%clk 0:01:31]} 38. Re4 {[%clk 0:00:13]} Rxe4
{[%clk 0:01:26]} 39. dxe4 {[%clk 0:00:13]} Kg7 {[%clk 0:01:19]} 40. Qd3
{[%clk 0:00:12]} Kg6 {[%clk 0:01:19]} 41. Qd5 {[%clk 0:00:09]} Qf2+
{[%clk 0:01:15]} 42. Kb1 {[%clk 0:00:10]} Qg1+ {[%clk 0:01:15]} 43. Kc2
{[%clk 0:00:08]} Qg2+ {[%clk 0:01:11]} 44. Kc1 {[%clk 0:00:06]} Qh1+
{[%clk 0:01:11]} 45. Kc2 {[%clk 0:00:07]} Qg2+ 46. Kc1 Qf1+ {[%clk 0:01:13]} 47.
Kc2 {[%clk 0:00:09]} Qf2+ {[%clk 0:01:14]} 48. Kb1 {[%clk 0:00:10]} Qe1+
{[%clk 0:01:13]} 49. Kc2 {[%clk 0:00:11]} Qe2+ {[%clk 0:01:14]} 50. Kc1
{[%clk 0:00:12]} Kg7 {[%clk 0:01:01]} 51. Qd7+ {[%clk 0:00:14]} Kh6
{[%clk 0:01:02]} 52. Qf7 {[%clk 0:00:15]} Qf1+ {[%clk 0:01:00]} 53. Kc2
{[%clk 0:00:16]} Qf2+ {[%clk 0:01:01]} 54. Kc1 {[%clk 0:00:17]} Qe3+
{[%clk 0:00:48]} 55. Kc2 {[%clk 0:00:17]} Qe2+ {[%clk 0:00:49]} 56. Kc1
{[%clk 0:00:18]} Qe1+ {[%clk 0:00:48]} 57. Kc2 {[%clk 0:00:20]} Qf2+
{[%clk 0:00:49]} 58. Kc1 {[%clk 0:00:21]} Qe3+ {[%clk 0:00:50]} 59. Kc2
{[%clk 0:00:22]} Qe2+ {[%clk 0:00:46]} 60. Kc1 {[%clk 0:00:23]} Qf1+
{[%clk 0:00:47]} 61. Kc2 {[%clk 0:00:24]} Qf2+ {[%clk 0:00:48]} 62. Kc1
{[%clk 0:00:26]} Qg1+ {[%clk 0:00:49]} 63. Kc2 {[%clk 0:00:26]} Qg2+
{[%clk 0:00:51]} 64. Kc1 {[%clk 0:00:27]} Qh1+ {[%clk 0:00:52]} 65. Kc2
{[%clk 0:00:29]} Qg2+ {[%clk 0:00:37]} 66. Kc1 {[%clk 0:00:30]} Qg1+
{[%clk 0:00:39]} 67. Kc2 {[%clk 0:00:31]} Qg2+ {[%clk 0:00:39]} 68. Kc1
{[%clk 0:00:33]} Qg1+ 69. Kc2 Qf2+ {[%clk 0:00:37]} 70. Kc1 {[%clk 0:00:36]} Qe3+
{[%clk 0:00:33]} 71. Kc2 {[%clk 0:00:37]} Qe2+ {[%clk 0:00:35]} 72. Kc1
{[%clk 0:00:39]} Qe1+ 73. Kc2 Qf2+ {[%clk 0:00:37]} 74. Kc1 {[%clk 0:00:42]} Qe3+
{[%clk 0:00:36]} 75. Kc2 {[%clk 0:00:43]} Qe2+ {[%clk 0:00:37]} 76. Kc1
{[%clk 0:00:44]} Qf1+ {[%clk 0:00:36]} 1/2-1/2

[Event "Blitz 2018"]
[Site "Saint-Petersburg"]
[Date "2018.12.29"]
[Round "9"]
[Board "44"]
[White "Jones Gawain C B (ENG)"]
[Black "Geller Jakov (RUS)"]
[Result "1-0"]
[LiveChessVersion "1.4.8"]
[BlackElo "2528"]
[WhiteElo "2722"]

1. e4 {[%clk 0:03:03]} c5 {[%clk 0:03:03]} 2. Nf3 {[%clk 0:03:03]} e6
{[%clk 0:03:04]} 3. g3 {[%clk 0:03:03]} Nc6 {[%clk 0:03:00]} 4. Bg2
{[%clk 0:03:04]} Qc7 {[%clk 0:03:00]} 5. O-O {[%clk 0:03:03]} Nf6
{[%clk 0:03:00]} 6. d3 {[%clk 0:03:03]} Be7 {[%clk 0:02:55]} 7. Qe2
{[%clk 0:03:02]} d5 {[%clk 0:02:55]} 8. Bf4 {[%clk 0:02:51]} Qd8 {[%clk 0:02:39]}
9. e5 {[%clk 0:02:49]} Nd7 {[%clk 0:02:40]} 10. h4 {[%clk 0:02:50]} b5
{[%clk 0:02:38]} 11. c3 {[%clk 0:02:40]} Bb7 {[%clk 0:02:38]} 12. Na3
{[%clk 0:02:33]} Qb6 {[%clk 0:02:35]} 13. Nc2 {[%clk 0:02:28]} a5
{[%clk 0:02:36]} 14. Ne3 {[%clk 0:02:13]} d4 {[%clk 0:02:14]} 15. cxd4
{[%clk 0:02:06]} Nxd4 {[%clk 0:02:12]} 16. Qd1 {[%clk 0:01:56]} O-O
{[%clk 0:02:01]} 17. a4 {[%clk 0:01:57]} Rfd8 {[%clk 0:01:29]} 18. axb5
{[%clk 0:01:55]} Qxb5 {[%clk 0:01:23]} 19. Nxd4 {[%clk 0:01:48]} cxd4
{[%clk 0:01:22]} 20. Nc4 {[%clk 0:01:48]} Bxg2 {[%clk 0:01:16]} 21. Kxg2
{[%clk 0:01:50]} Nc5 {[%clk 0:01:08]} 22. Qf3 {[%clk 0:01:45]} a4
{[%clk 0:01:08]} 23. Bg5 {[%clk 0:01:37]} Ra7 {[%clk 0:00:51]} 24. Nd6
{[%clk 0:01:29]} Rxd6 {[%clk 0:00:38]} 25. exd6 {[%clk 0:01:23]} Bxd6
{[%clk 0:00:38]} 26. Rfd1 {[%clk 0:01:15]} f6 {[%clk 0:00:38]} 27. Bf4
{[%clk 0:01:15]} Bf8 {[%clk 0:00:29]} 28. Rac1 {[%clk 0:01:10]} Qxb2
{[%clk 0:00:23]} 29. Rb1 {[%clk 0:01:04]} Qc2 {[%clk 0:00:21]} 30. Rb8
{[%clk 0:00:59]} Nd7 {[%clk 0:00:07]} 31. Rd8 {[%clk 0:01:00]} Qc5
{[%clk 0:00:05]} 32. Qe4 {[%clk 0:00:43]} h5 {[%clk 0:00:06]} 33. Qxe6+
{[%clk 0:00:43]} Kh7 {[%clk 0:00:06]} 34. Rxd7 {[%clk 0:00:43]} 1-0

[Event "Blitz 2018"]
[Site "Saint-Petersburg"]
[Date "2018.12.29"]
[Round "9"]
[Board "45"]
[White "Ragger Markus (AUT)"]
[Black "Miton Kamil (POL)"]
[Result "0-1"]
[LiveChessVersion "1.4.8"]
[BlackElo "2520"]
[WhiteElo "2677"]

1. e4 {[%clk 0:03:03]} c5 {[%clk 0:03:03]} 2. Nf3 {[%clk 0:03:04]} Nc6
{[%clk 0:03:04]} 3. d4 {[%clk 0:03:04]} cxd4 4. Nxd4 {[%clk 0:03:04]} e5
{[%clk 0:03:06]} 5. Nb5 {[%clk 0:03:05]} d6 {[%clk 0:03:08]} 6. N1c3
{[%clk 0:03:06]} a6 {[%clk 0:03:09]} 7. Na3 {[%clk 0:03:07]} b5 {[%clk 0:03:10]}
8. Nd5 {[%clk 0:03:08]} Nge7 {[%clk 0:03:11]} 9. c4 {[%clk 0:03:09]} Nd4
{[%clk 0:03:11]} 10. Bd3 {[%clk 0:03:07]} Nxd5 {[%clk 0:03:05]} 11. exd5
{[%clk 0:03:05]} bxc4 {[%clk 0:02:47]} 12. Nxc4 {[%clk 0:03:06]} Be7
{[%clk 0:02:48]} 13. O-O {[%clk 0:03:04]} O-O {[%clk 0:02:33]} 14. a4
{[%clk 0:03:04]} Rb8 {[%clk 0:02:25]} 15. a5 {[%clk 0:03:03]} Nb3
{[%clk 0:02:23]} 16. Ra3 {[%clk 0:02:55]} Nxc1 17. Qxc1 {[%clk 0:02:56]} f5
{[%clk 0:02:12]} 18. Nb6 {[%clk 0:02:55]} e4 {[%clk 0:02:08]} 19. Be2
{[%clk 0:02:49]} Bf6 {[%clk 0:01:59]} 20. b4 {[%clk 0:02:28]} Be5
{[%clk 0:01:58]} 21. Qc2 {[%clk 0:02:15]} Bb7 {[%clk 0:01:33]} 22. Rd1
{[%clk 0:01:59]} Rf7 {[%clk 0:01:31]} 23. b5 {[%clk 0:01:52]} axb5
{[%clk 0:01:25]} 24. Bxb5 {[%clk 0:01:52]} Rc7 {[%clk 0:01:22]} 25. Qe2
{[%clk 0:01:51]} Rc5 {[%clk 0:01:10]} 26. Nd7 {[%clk 0:01:44]} Ba6
{[%clk 0:00:57]} 27. Bxa6 {[%clk 0:01:23]} Qxd7 {[%clk 0:00:58]} 28. f3
{[%clk 0:01:00]} Qa7 {[%clk 0:00:52]} 29. Kh1 {[%clk 0:00:59]} Rb2
{[%clk 0:00:52]} 30. Qf1 {[%clk 0:00:57]} exf3 {[%clk 0:00:52]} 31. Rxf3
{[%clk 0:00:54]} g6 {[%clk 0:00:46]} 32. Bd3 {[%clk 0:00:44]} Rxa5
{[%clk 0:00:40]} 33. Bxf5 {[%clk 0:00:41]} gxf5 {[%clk 0:00:36]} 34. Rxf5
{[%clk 0:00:43]} Bg7 {[%clk 0:00:33]} 35. Qc4 {[%clk 0:00:18]} Rb8
{[%clk 0:00:28]} 36. Rff1 {[%clk 0:00:15]} Qd7 {[%clk 0:00:15]} 37. h3
{[%clk 0:00:08]} Ra4 {[%clk 0:00:16]} 38. Qc2 {[%clk 0:00:07]} Rba8
{[%clk 0:00:16]} 39. Qe2 {[%clk 0:00:03]} Ra1 {[%clk 0:00:15]} 40. Qf3
{[%clk 0:00:04]} Rxd1 {[%clk 0:00:15]} 41. Rxd1 {[%clk 0:00:05]} Ra1
{[%clk 0:00:15]} 42. Rxa1 {[%clk 0:00:06]} Bxa1 {[%clk 0:00:16]} 43. h4
{[%clk 0:00:08]} Be5 {[%clk 0:00:16]} 44. Qb3 {[%clk 0:00:05]} Qf7
{[%clk 0:00:16]} 45. Qb8+ {[%clk 0:00:05]} Kg7 {[%clk 0:00:17]} 46. Qb5
{[%clk 0:00:06]} Qe7 {[%clk 0:00:14]} 47. Qc4 {[%clk 0:00:07]} Qf6
{[%clk 0:00:09]} 48. Qg4+ {[%clk 0:00:08]} Qg6 {[%clk 0:00:07]} 49. Qb4
{[%clk 0:00:04]} Qf5 {[%clk 0:00:06]} 50. Qe1 {[%clk 0:00:05]} Qf4
{[%clk 0:00:06]} 51. Kg1 {[%clk 0:00:06]} Qd4+ {[%clk 0:00:06]} 52. Kh1
{[%clk 0:00:07]} Qa1 {[%clk 0:00:07]} 53. Qxa1 {[%clk 0:00:07]} Bxa1
{[%clk 0:00:08]} 54. g4 {[%clk 0:00:06]} Kf6 {[%clk 0:00:09]} 0-1